V krajinách s európskymi ambíciami. 2
Výsledky cesty slovenských vládnych predstaviteľov a podnikateľov v Bulharsku začiatkom decembra 1995. Nádejná hospodárska situácia v Bulharsku. Možnosti spolupráce. Projekt spoločného podniku a.s. Matador Púchov a sofijského podniku Dinamik.
Salvato in:
| Autore principale: | |
|---|---|
| Natura: | Capitolo di libro |
| Lingua: | slovacco |
| Soggetti: | |
| Tags: |
Nessun Tag, puoi essere il primo ad aggiungerne!!
|
MARC
| LEADER | 00000naa a2200000 4500 | ||
|---|---|---|---|
| 001 | r019169 | ||
| 005 | 20221213100022.3 | ||
| 041 | 0 | |a slo | |
| 044 | |a SK | ||
| 245 | 1 | 0 | |a V krajinách s európskymi ambíciami. 2 |c Eva Pichlerová |
| 520 | |a Výsledky cesty slovenských vládnych predstaviteľov a podnikateľov v Bulharsku začiatkom decembra 1995. Nádejná hospodárska situácia v Bulharsku. Možnosti spolupráce. Projekt spoločného podniku a.s. Matador Púchov a sofijského podniku Dinamik. | ||
| 610 | 2 | 0 | |a Bulharsko |
| 610 | 2 | 0 | |a Slovensko |
| 610 | 2 | 0 | |a 1989-1995 |
| 610 | 2 | 0 | |a vzťahy hospodárske medzinárodné |
| 610 | 2 | 0 | |a spolupráca hospodárska medzinárodná |
| 610 | 2 | 0 | |a Matador, a.s. Púchov |
| 100 | 1 | |a Pichlerová, Eva | |